000 01696nam0a22003011 4500
001 rc\3232630
005 20200707120811.0
021 _aRU
_b[74-50561]
035 _a(NLR Aleph) 007472108
090 _a7427602
_c7427602
100 _a20130115g19731974|||y0rusy50 ca
101 0 _arus
102 _aRU
105 _ay z |||||
200 1 _aЭкономические методы управления производством
_eМетод. рекомендации в помощь руководящим работникам и специалистам предприятий машиностроения
_fИн-т повышения квалификации руководящих работников и специалистов М-ва тракт. и с.-х. машиностроения СССР
210 _aРостов-на-Дону
_cБ. и.
_d1973 [вып. дан. 1974]
215 _a34 с.
_d20
300 _aНа обороте тит. л. авт.: Ильин Н.В., доц.
320 _aСписок лит.: с. 33 (6 назв.)
606 _aМашиностроительные заводы
_xУправление
_2psbo
701 1 _aИльин
_bН. В.
_gНиколай Васильевич
712 0 2 _aИнститут повышения квалификации руководящих работников и специалистов Министерства тракторного и сельскохозяйственного машиностроения СССР
_cРостов-на-Дону
_3RU\NLR\AUTH\8810063544
_4570
801 0 _aRU
_bNLR
_gpsbo
801 1 _aRU
_bELAR
_2rusmarc
852 _aNLR
_j74-4/11286
942 _cBOOK
980 _aNB